Culture Générale - Série 2654 - Statistiques

Statistiques générales
  • Ce quiz a été pris 134 fois
  • Le résultat moyen est 4 sur 10
Statistiques - réponses
Question Réponse % Correct
Dans quel jeu de société trouve-t-on les personnages du Colonel Moutarde et du Docteur Orchidée ? Cluedo
93%
Quelle est l'héroïne de la série Tom Raider ? prénom et nom Lara Croft
74%
A l'entrée de quel port trouve-t-on la statue de la petite sirène ? Copenhague
65%
Quel légume est le symbole des buralistes ? carotte
49%
Comment appelle-t-on les joueurs de rugby australiens ? wallabies
44%
Quel mot populaire de 7 lettres commençant par " t " désigne une montre ? tocante
25%
Comment appelle-t-on plus couramment l'animal "taure" ? génisse
7%
Quel animal aujourd'hui disparu était appelé "tarpan" ? cheval
6%
Grand aigle d'Australie possédant un plumage brun-noir, avec une queue pointue caractéristique, et pouvant atteindre 2,40 mètres d'envergure uraéte
6%
Petit mammifère carnivore de la taille d’un chat. Elle a un corps élancé, de courtes pattes et une longue queue cylindrique. Son pelage est gris clair taché de noir et une raie dorsale noire longe sa colonne vertébrale - voir photo genette
3%
Aucun quiz correspondant
Distribution des résultats
% des personnes avec chaque résultat
Percentile par nombre de réponses
Votre historique - résultats
Vous n’avez pas pris ce quiz